• Vega Vladimir

di Personal Name

Records bibliografici associati: 1

001 - CONTROL NUMBER

  • control field: 49842

003 - CONTROL NUMBER IDENTIFIER

  • control field: IT-RoPau

005 - DATE AND TIME OF LATEST TRANSACTION

  • control field: 20151202100852.0

008 - FIXED-LENGTH DATA ELEMENTS

  • fixed length control field: 151202|| aca||aabn | a|a d

040 ## - CATALOGING SOURCE

  • Original cataloging agency: IT-RoPau
  • Transcribing agency: IT-RoPau

100 ## - HEADING--PERSONAL NAME

  • Personal name: Vega Vladimir
  • Relator term: (musica)
  • Miscellaneous information: Codice Musica SPICS: 58044

670 ## - SOURCE DATA FOUND

  • Source citation: Work cat.: (IT-RoPau)106994: Loach Ken Codice regista SPICS: 58043 49837, 11 SETTEMBRE 2001 - KEN LOACH, REGNO UNITO 11 SETTEMBRE 2001 (Rif. Codice opera principale : H5230)
CREDITS: SOCIETA' SAN PAOLO Via A.Severo, 58 - ROMA (RM) & PERIODICI SAN PAOLO SRL Via Giotto, 36 MILANO & CISF Via Giotto, 36 MILANO & EDIZIONI SAN PAOLO SRL,  Piazza Soncino, 5 CINISELLO BALSAMO (MI) -- ITALY